All ballon d´or winners - Statistics

General Stats
  • This quiz has been taken 133 times
  • The average score is 23 of 46
Answer Stats
When? Answer % Correct
2017, 2016, 2014, 2013, 2008 Cristiano Ronaldo
99%
2022 Karim Benzema
99%
2023, 2021, 2019, 2015, 2012, 2011, 2010, 2009 Lionel Messi
99%
2002, 1997 Ronaldo Nazario
99%
2024 Rodri
96%
2018 Luka Modric
95%
2005 Ronaldinho
92%
2007 Kaká
91%
2006 Fabio Cannavaro
86%
1998 Zinedine Zidane
81%
1985, 1984, 1983 Michel Platini
75%
2003 Pavel Nedvêd
71%
1974, 1973, 1971 Johan Cruijff
68%
1992, 1989, 1988 Marco van Basten
66%
1999 Rivaldo
63%
1963 Lev Jasjin
61%
2001 Michael Owen
61%
2004 Andrij Sjevtsjenko
56%
2000 Luis Figo
54%
1959, 1957 Alfredo Di Stéfano
52%
1991 Jean-Pierre Papin
51%
1995 George Weah
49%
1987 Ruud Gullit
49%
1966 Bobby Charlton
48%
1976, 1972 Franz Beckenbauer
47%
1970 Gerd Müller
43%
1968 George Best
42%
1993 Roberto Baggio
42%
1965 Eusébio
39%
1990 Lothar Matthäus
39%
1960 Luis Suárez
37%
1996 Matthias Sammer
34%
1958 Raymond Kopa
32%
1994 Christo Stoitsjkov
29%
1979, 1978 Kevin Keegan
27%
1964 Denis Law
22%
1981, 1980 Karl-Heinz Rummenigge
20%
1956 Stanley Matthews
20%
1982 Paolo Rossi
18%
1967 Flórián Albert
14%
1969 Gianni Rivera
14%
1977 Allan Simonsen
11%
1962 Josef Masopust
9%
1961 Omar Sívori
8%
1975 Oleh Blochin
5%
1986 Ihor Bilanov
1%
No matching quizzes found
Score Distribution
Percent of People with Each Score
Percentile by Number Answered
Your Score History
You have not taken this quiz